000 00404 a2200157 4500
001 167722
020 _a
040 _cMagnum
100 _aBrandao, Helena (Coord)
240 1 0 _aAprender e ensinar com textos didaticos e paradidaticos - v.2
_lpor
245 1 0 _aAprender e ensinar com textos didaticos e paradidaticos - v.2
362 0 _a1899
440 1 _aCortez
697 _aENSINO
942 _cBK
999 _c167722
_d167722